00667nam a2200205Ia 4500008004100000020001700041040001400058082002000072100005200092245003800144260003900182300001100221365002600232366000800258505002900266620005900295630003800354650003100392730003800423100315s9999 xx 000 0 und d a071313383X  cENGLISH  b7046 a658.4  a"Boot, R.L., Cowling, A.G., Stanworth, M.J.K. " aBehavioural Sciences for Managers aLondon bEDWARD ARNOLD  c1977  a232   eRupees d1 b0.00  f0  gRamakant Amar Navghare  a"Behavioural sciences, Social sciences, Management. " aBehavioural Sciences for Managers aOrganizational Behaviour  aBehavioural Sciences for Managers